| 000 | 01184nam a22003017a 4500 | ||
|---|---|---|---|
| 003 | OSt | ||
| 005 | 20250303162151.0 | ||
| 008 | 250303b |||||||| |||| 00| 0 eng d | ||
| 020 | _a9780323569033 (paperback) | ||
| 040 |
_aNUST _beng _cNUST _dNUST _erda |
||
| 050 | _aRJ253.5 MER | ||
| 100 |
_aGardner, Sandra L _eAuthor |
||
| 245 |
_aMerenstein and Gardner's handbook of neonatal intensive care : _ban interprofessional approach / _cSandra L Gardner, Brian S Carter, Mary Enzman-Hines and Susan Niermeyer. |
||
| 250 | _aNinth edition. | ||
| 260 |
_aSt. Louis, Missouri : _bElsevier, _c2021. |
||
| 300 |
_axix, 1238 pages : _bIllustrations ; _c24 cm. |
||
| 336 |
_2rdamedia _atext _btxt |
||
| 337 |
_2rdamedia _aunmediated _bn |
||
| 338 |
_2rdamedia _avolume _bnc |
||
| 504 | _aIncludes bibliographical references and index. | ||
| 650 | _vInfant, newborn, diseases -- therapy. | ||
| 650 | _vNeonatal intensive care. | ||
| 650 | _vPediatric nursing -- Handbooks, manuals, etc. | ||
| 700 |
_aCarter, Brian S _eAuthor |
||
| 700 |
_aHines, Mary Enzman _eAuthor |
||
| 700 |
_aNiermeyer, Susan _eAuthor |
||
| 942 |
_2lcc _cBOOKS _eNinth edition. _hRJ253.5 MER _kRJ _mMER _n0 |
||
| 999 |
_c171379 _d171379 |
||